Μάνατζμεντ ολικής ποιότητας
Αποθηκεύτηκε σε:
| Κύριος συγγραφέας: | |
|---|---|
| Άλλοι συγγραφείς: | |
| Μορφή: | Βιβλίο |
| Γλώσσα: | Greek English |
| Δημοσίευση: |
Αθήνα :
Γκιούρδας,
c2000.
|
| Θέματα: | |
| Ετικέτες: |
Προσθήκη ετικέτας
Δεν υπάρχουν, Καταχωρήστε ετικέτα πρώτοι!
|
MARC
| LEADER | 00000cam a2200000 i 4500 | ||
|---|---|---|---|
| 001 | 1/5470 | ||
| 008 | 100309s2000 gr | ||| |||| ||gre|| | ||
| 020 | |a 9603870862 | ||
| 035 | |l 10107172 | ||
| 040 | |a GR-MyUA |b gre |e AACR2 | ||
| 041 | 1 | |a gre |h eng | |
| 082 | 0 | |a 658.562 | |
| 100 | 1 | |a Bank, John. | |
| 245 | 1 | 0 | |a Μάνατζμεντ ολικής ποιότητας / |c J. Bank ; μετάφραση Σοφία Παυλίδου. |
| 246 | 3 | 4 | |a Αρχές, στρατηγικές, εφαρμογές του μάνατζμεντ ολικής ποιότητας |
| 260 | |a Αθήνα : |b Γκιούρδας, |c c2000. | ||
| 300 | |a 258 σ. : |b πίν., σχέδια ; |c 24 εκ. | ||
| 500 | |a Τίτλος πρωτοτύπου: The essence of total quality management. | ||
| 504 | |a Περιέχει βιβλιογραφικές αναφορές και ευρετήριο. | ||
| 650 | 0 | 0 | |a Total quality management. |
| 700 | 1 | |a Παυλίδου, Σοφία, |e trlf | |
| 852 | |a INST |b CHIOS |e 20100309 |h 658.562 BAN |p 005200029589 |q 005200029589 |t BK |y 0 | ||
| 852 | |a INST |b CHIOS |e 20100427 |h 658.562 BAN |p 005200029590 |q 005200029590 |t BK |y 0 | ||
| 901 | |a BIBL2-2010-1 | ||
| 909 | |a Χ |b 148063 | ||
| 909 | |a Χ |b 148062 | ||
| 920 | |a ΦΟΙΤΗΤΙΚΗ ΜΕΡΙΜΝΑ |y Χίος |z 2009-11 | ||
| 970 | |a ΣΑΛΑΜΟΥΡΑ |b ΜΑΡΙΑ |z 2010/04/27 | ||